Poesía uruguaya contemporánea (Record no. 182330)

MARC details
000 -LEADER
campo de control de longitud fija 00691nam a2200205 i 4500
001 - NÚMERO DE CONTROL
campo de control 182330
003 - IDENTIFICADOR DE NÚMERO DE CONTROL
campo de control ES-MaACL
005 - FECHA Y HORA DE LA ÚLTIMA TRANSACCIÓN
campo de control 20250902185657.0
008 - DATOS DE LONGITUD FIJA--INFORMACIÓN GENERAL
campo de control de longitud fija 130805s1985 sp |||| | spa d
080 ## - NÚMERO DE LA CLASIFICACIÓN DECIMAL UNIVERSAL
Número de la Clasificación Decimal Universal 821.134.2(899)-1"19"(082.2)
245 00 - MENCIÓN DEL TÍTULO
Título Poesía uruguaya contemporánea
Resto del título : una muetra /
Mención de responsabilidad, etc. Castro Vega... [et al.] ; edición coordinada por Jorge F. Fernández.
260 ## - PUBLICACIÓN, DISTRIBUCIÓN, ETC.
Lugar de publicación, distribución, etc. Terrassa :
Nombre del editor, distribuidor, etc. Mirall de Glaç,
Fecha de publicación, distribución, etc. [1985]
300 ## - DESCRIPCIÓN FÍSICA
Extensión [20 p.] ;
Dimensiones 21 cm.
650 #0 - PUNTO DE ACCESO ADICIONAL DE MATERIA--TÉRMINO DE MATERIA
Término de materia o nombre geográfico como elemento de entrada Poesia uruguaya-
9 (RLIN) 235791
Subdivisión cronológica s.XX
700 1# - ENTRADA AGREGADA--NOMBRE PERSONAL
Nombre de persona Castro Vega, Jorge,
Fechas asociadas al nombre 1963-
9 (RLIN) 153156
700 1# - ENTRADA AGREGADA--NOMBRE PERSONAL
Nombre de persona Fernández, Jorge F.
9 (RLIN) 153157
852 4# - LOCALIZACIÓN
Ubicación ES-MaACL
Número de control de estantería 2317-F-32
942 ## - ELEMENTOS DE ENTRADA SECUNDARIOS (KOHA)
Fuente del sistema de clasificación o colocación Clasificación decimal universal
Holdings
Estatus retirado Estado de pérdida Estado de daño No para préstamo Colección Biblioteca de origen Biblioteca actual Ubicación en estantería Fecha de adquisición Fuente de adquisición Total de préstamos Signatura topográfica completa Código de barras Visto por última vez Precio de reemplazo Tipo de ítem Koha
        Colección de folletos Biblioteca del Ateneo de Madrid Biblioteca del Ateneo de Madrid Depósito folletos 05/08/2013     2317-F-32 1191608 23/02/2023 23/02/2023 Folleto